000 00588nam a2200181Ia 4500
008 090124s9999 xx 000 0 und d
082 _b32102
100 _aवांगीकर मीना
245 _a मोह पश्र्चिमेचा
250 _a1
260 _bनीहारा प्रकाशन
_c1994
300 _a175
600 _aवांगीकर मीना
630 _a मोह पश्र्चिमेचा
700 _aवांगीकर मीना
730 _a मोह पश्र्चिमेचा
942 _cBOOK
999 _c98003
_d98003